| 000 | 00754nam a2200181Ia 4500 | ||
|---|---|---|---|
| 008 | 100920s9999 xx 000 0 und d | ||
| 082 |
_b40239 _a28 व 410 थ 50 |
||
| 100 | _aवाघोलीकर ह.भ. | ||
| 245 | _aमहाराष्ट्र शारदेचे मानकरी भाग 1. | ||
| 260 |
_bचित्रशाळा प्रकाशन,पुणे2. _c1950 |
||
| 300 |
_a136 _bसाधी |
||
| 365 | _b1.5 | ||
| 520 | _aबा.वि.भाषा. | ||
| 630 | _aमहाराष्ट्र शारदेचे मानकरी भाग 1. | ||
| 650 | _aबा.वि.भाषा. | ||
| 730 | _aमहाराष्ट्र शारदेचे मानकरी भाग 1. | ||
| 942 | _cBOOK | ||
| 999 |
_c691420 _d691417 |
||